[Event "ICS Rated standard match"]
[Site "204.178.125.65"]
[Date "2000.04.15"]
[Round "?"]
[White "Hossa"]
[Black "expert101"]
[Result "1-0"]
[WhiteElo "2335"]
[BlackElo "2077"]
[PlyCount "76"]

1. e4 e6 2. d4 d5 3. Nc3 Bb4 4. e5 Ne7 5. a3 Bxc3+ 6. bxc3 c5 7. a4 Nbc6 8. Nf3
cxd4 9. cxd4 Na5 10. Bd3 Bd7 11. O-O Rc8 12. Bg5 h6 13. Bc1 Nc4 14. Nd2 O-O 15.
Bxc4 dxc4 16. Ba3 Re8 17. Bxe7 Qxe7 18. Ne4 Rc6 19. Qe2 Rec8 20. Nd6 Rxd6 21.
exd6 Qxd6 22. Qe5 Qa6 23. a5 Bc6 24. Ra3 Bd5 25. Rg3 g6 26. Rh3 h5 27. g4 Qxa5
28. gxh5 Qc7 29. Qg5 Qd8 30. Qf4 g5 31. Rg3 f6 32. h4 Qe7 33. hxg5 f5 34. g6
Qf6 35. Re1 b5 36. h6 b4 37. h7+ Kg7 38. Ra1 Ra8 1-0

[Event "ICS rated blitz match"]
[Site "204.178.125.65"]
[Date "2000.04.15"]
[Round "?"]
[White "Hossa"]
[Black "QueenMaxima"]
[Result "1/2-1/2"]
[WhiteElo "2402"]
[BlackElo "2455"]
[PlyCount "112"]

1. e4 c5 2. Nf3 Nc6 3. d4 cxd4 4. Nxd4 Nf6 5. Nc3 d6 6. Bg5 e6 7. Qd2 a6 8.
O-O-O h6 9. Be3 Be7 10. f4 Nxd4 11. Bxd4 b5 12. Qe3 Bb7 13. Bxf6 gxf6 14. Bd3
Qa5 15. Kb1 d5 16. exd5 b4 17. Ne4 Bxd5 18. b3 f5 19. Ng3 Bxg2 20. Rhe1 Bh3 21.
Nh5 Bg4 22. Be2 Bxe2 23. Rxe2 Rg8 24. Qf2 Rd8 25. Red2 Ra8 26. Rd7 Rc8 27. Ra7
Rd8 28. Rxe7+ Kxe7 29. Qh4+ Ke8 30. Nf6+ Kf8 31. Qxh6+ Ke7 32. Nxg8+ Rxg8 33.
Qh4+ Ke8 34. Qe1 Qc5 35. Qf1 Qb6 36. Kb2 Rg4 37. h3 Rg3 38. h4 Rg4 39. Qc4 Rxh4
40. Qc8+ Ke7 41. Rd7+ Kf6 42. Qg8 Rxf4 43. Qxf7+ Ke5 44. Qg7+ Ke4 45. Qg2+ Rf3
46. Qe2+ Re3 47. Qg2+ Ke5 48. Qh2+ f4 49. Qh8+ Kf5 50. Rf7+ Kg4 51. Rg7+ Kf5
52. Rf7+ Ke4 53. Qa8+ Ke5 54. Qh8+ Ke4 55. Qa8+ Ke5 56. Qh8+ Ke4 1/2-1/2

[Event "ICS rated blitz match"]
[Site "204.178.125.65"]
[Date "2000.04.15"]
[Round "?"]
[White "LittleGoliath"]
[Black "Hossa"]
[Result "0-1"]
[WhiteElo "2657"]
[BlackElo "2404"]
[PlyCount "116"]

1. e4 e5 2. Nf3 Nc6 3. Bb5 a6 4. Ba4 Nf6 5. O-O Be7 6. Re1 b5 7. Bb3 d6 8. c3
O-O 9. h3 Bb7 10. d4 Re8 11. Nbd2 Bf8 12. a3 h6 13. Bc2 Nb8 14. b4 Nbd7 15. Bb2
g6 16. Rb1 c6 17. Nb3 Rc8 18. dxe5 dxe5 19. Re2 c5 20. Na5 Ba8 21. Nb3 c4 22.
Nbd2 Nb6 23. a4 bxa4 24. Bxa4 Nxa4 25. Qxa4 Bb7 26. Ra1 Qc7 27. Re3 Red8 28.
Qc2 Qd6 29. Ra5 Bg7 30. Qa4 Nd7 31. Qd1 Nb6 32. Re1 Rc7 33. Ba3 Qd3 34. Re3 Qd7
35. Qe1 Rc6 36. Qe2 Bh8 37. Nf1 Qc7 38. h4 Bc8 39. h5 gxh5 40. Ng3 Rcd6 41.
Nxh5 Bg4 42. Ng3 Bf6 43. Rc5 Qd7 44. Qa2 Rd1+ 45. Kh2 Qe6 46. b5 Bxf3 47. Rxf3
R8d2 48. Bb2 Qg4 49. Nh5 Qxh5+ 50. Rh3 Qe2 51. Rf3 Rd3 52. Rxd3 cxd3 53. Qxf7+
Kxf7 54. Rc7+ Kg8 55. Rg7+ Kxg7 56. Kg3 Rh1 57. f3 h5 58. bxa6 Bh4# 0-1

[Event "ICS rated blitz match"]
[Site "204.178.125.65"]
[Date "2000.04.15"]
[Round "?"]
[White "Hossa"]
[Black "LittleGoliath"]
[Result "0-1"]
[WhiteElo "2430"]
[BlackElo "2631"]
[PlyCount "98"]

1. e4 e5 2. Nf3 Nf6 3. Nxe5 d6 4. Nf3 Nxe4 5. d4 Be7 6. Bd3 d5 7. O-O Nc6 8.
Re1 Bf5 9. c4 Nb4 10. cxd5 Nxf2 11. Bb5+ c6 12. Qd2 O-O 13. dxc6 bxc6 14. Bxc6
Nh3+ 15. gxh3 Nxc6 16. Nc3 Nb4 17. Ne4 Rc8 18. Nc3 Nc2 19. Re5 Bg6 20. Rd5 Qe8
21. Re5 f6 22. Rxe7 Qxe7 23. Rb1 Qd7 24. d5 Qxh3 25. Qf2 Ne1 26. Nxe1 Bxb1 27.
Be3 Rfe8 28. Ng2 Be4 29. Nf4 Qg4+ 30. Qg3 Qd7 31. Bd2 Bf5 32. Nh5 Bg4 33. Nf4
a5 34. Be3 Rc4 35. a3 g5 36. Ng2 Bh3 37. Bf2 a4 38. Ne3 Rd4 39. Qf3 Rf4 40. Qg3
Qf5 41. Ncd1 Rf3 42. Kh1 Rfxe3 43. Nxe3 Rxe3 44. Qxh3 Rxh3 45. Kg2 Rxh2+ 46.
Kxh2 Qxf2+ 47. Kh1 g4 48. d6 g3 49. b4 Qh2# 0-1

[Event "ICS rated blitz match"]
[Site "204.178.125.65"]
[Date "2000.04.15"]
[Round "?"]
[White "QueenMaxima"]
[Black "Hossa"]
[Result "1-0"]
[WhiteElo "2468"]
[BlackElo "2422"]
[PlyCount "141"]

1. d4 d5 2. c4 e6 3. Nc3 Nf6 4. Nf3 c5 5. cxd5 Nxd5 6. e3 Nc6 7. Bc4 cxd4 8.
exd4 Be7 9. O-O Nxc3 10. bxc3 O-O 11. a3 b6 12. Qc2 Bf6 13. Qe4 Bb7 14. Bd3 g6
15. Bh6 Re8 16. Rfe1 Qc7 17. Qg4 Na5 18. Rac1 Be7 19. a4 Nb3 20. Rc2 Bc6 21.
Rxe6 Bxf3 22. gxf3 Bd6 23. Rxe8+ Rxe8 24. Qh4 Re1+ 25. Kg2 Be7 26. Qf4 Bd6 27.
Qf6 Bf8 28. Bxf8 Kxf8 29. Qh8+ Ke7 30. Bb5 Qd8 31. Qxh7 Qd5 32. Qh6 Kd8 33. Qf4
Kc8 34. c4 Qe6 35. Ba6+ Kd7 36. Rb2 Na5 37. Qb8 Ke7 38. Qxa7+ Qd7 39. Qxd7+
Kxd7 40. Rxb6 Rd1 41. d5 Rc1 42. Bb5+ Kc7 43. Rf6 Kb8 44. Ra6 Nb7 45. h4 Rc3
46. Rf6 Na5 47. Rf4 f5 48. Rd4 Nb3 49. Rd1 Kc8 50. d6 Nc5 51. Re1 Kb7 52. Re5
Rd3 53. Rxc5 Rxd6 54. h5 Kb8 55. h6 Rd4 56. Rc6 g5 57. Rf6 Rh4 58. Rxf5 Rxh6
59. Rxg5 Rh8 60. c5 Kb7 61. Rg7+ Kb8 62. c6 Rc8 63. a5 Ka8 64. Bc4 Kb8 65. Bd5
Ka8 66. Be6 Kb8 67. Bxc8 Kxc8 68. Rb7 Kd8 69. a6 Kc8 70. a7 Kd8 71. a8=Q# 1-0

[Event "ICS rated blitz match"]
[Site "204.178.125.65"]
[Date "2000.04.16"]
[Round "?"]
[White "Hossa"]
[Black "QueenMaxima"]
[Result "1-0"]
[WhiteElo "2408"]
[BlackElo "2482"]
[PlyCount "165"]

1. e4 c5 2. Nf3 d6 3. d4 cxd4 4. Nxd4 Nf6 5. Nc3 a6 6. Bg5 e6 7. f4 Be7 8. Qf3
Qc7 9. O-O-O Nbd7 10. g4 b5 11. Bxf6 Bxf6 12. Bxb5 axb5 13. Ndxb5 Qb8 14. Nxd6+
Ke7 15. e5 Bh4 16. Qc6 Bf2 17. Rhf1 Bh4 18. Rf3 Rd8 19. Rfd3 Ra7 20. Nxc8+ Qxc8
21. Qxc8 Rxc8 22. Nb5 Rca8 23. Nxa7 Rxa7 24. g5 Nf8 25. a3 Ng6 26. Rh3 Bf2 27.
Kb1 Ra4 28. b4 Ra8 29. c4 Rb8 30. Kb2 Ba7 31. Rf1 Rd8 32. Kb3 Rd4 33. Rxh7 Kf8
34. Rh3 Nxf4 35. Rh8+ Ke7 36. c5 Ng6 37. Ra8 Rd7 38. Re1 Nh4 39. Re3 Rc7 40.
Rh8 Ng6 41. Rg8 Rb7 42. Kc4 Bb8 43. c6 Rb6 44. b5 Nxe5+ 45. Kc5 Ba7 46. Rxe5
Rb8+ 47. b6 Bxb6+ 48. Kb5 Rxg8 49. Kxb6 Kd6 50. Re3 Rb8+ 51. Ka7 Rb5 52. a4 Rb4
53. a5 Kxc6 54. g6 Rf4 55. a6 Kc5 56. Kb7 fxg6 57. Rc3+ Kd5 58. Ra3 Rf7+ 59.
Kb6 Rf8 60. Ra5+ Ke4 61. a7 Ra8 62. Rg5 Re8 63. Rxg6 e5 64. Rxg7 Kf3 65. Kb7 e4
66. Rf7+ Kg2 67. a8=Q Rxa8 68. Kxa8 e3 69. Re7 Kf3 70. Kb7 e2 71. h4 Kg4 72.
Rxe2 Kxh4 73. Rg2 Kh3 74. Rg1 Kh4 75. Kc7 Kh3 76. Rg8 Kh4 77. Kd7 Kh3 78. Ke6
Kh4 79. Kf5 Kh3 80. Kf4 Kh2 81. Kf3 Kh1 82. Kf2 Kh2 83. Rh8# 1-0

[Event "ICS rated blitz match"]
[Site "204.178.125.65"]
[Date "2000.04.16"]
[Round "?"]
[White "Myth"]
[Black "Hossa"]
[Result "1-0"]
[WhiteElo "2705"]
[BlackElo "2427"]
[PlyCount "53"]

1. e4 d5 2. exd5 Qxd5 3. Nc3 Qa5 4. d4 Nf6 5. Nf3 c6 6. Bc4 Bf5 7. Bd2 Qd8 8.
O-O Nbd7 9. Nh4 Bg4 10. f3 Bh5 11. Qe1 Nb6 12. Bd3 Qxd4+ 13. Be3 Qd7 14. Ne4
Na4 15. Nxf6+ gxf6 16. Qa5 b5 17. b3 Nb2 18. Be4 e5 19. Qa6 Ke7 20. Bxc6 Qc8
21. Nf5+ Qxf5 22. Qb7+ Kd8 23. Rad1+ Nd3 24. Rxd3+ Qxd3 25. cxd3 Bg4 26. fxg4
Bd6 27. Qd7# 1-0

[Event "ICS rated standard match"]
[Site "204.178.125.65"]
[Date "2000.04.16"]
[Round "?"]
[White "QueenMaxima"]
[Black "Hossa"]
[Result "1/2-1/2"]
[WhiteElo "2319"]
[BlackElo "2341"]
[PlyCount "152"]

1. d4 Nf6 2. c4 d6 3. Nc3 e5 4. g3 exd4 5. Qxd4 Nc6 6. Qd2 Be6 7. Nd5 Ne5 8. b3
Ne4 9. Qe3 f5 10. Nf4 Ng4 11. Qd4 Bf7 12. f3 Be7 13. Nd5 Bxd5 14. Qxd5 Bf6 15.
Rb1 Bc3+ 16. Kd1 Ngf2+ 17. Kc2 Nc5 18. Kxc3 Nxh1 19. Qxf5 g6 20. Qg5 Qxg5 21.
Bxg5 Ne6 22. Bd2 h5 23. Bg2 Nxg3 24. hxg3 h4 25. Be1 hxg3 26. Bxg3 Rb8 27. e3
b5 28. cxb5 Rxb5 29. a3 Rc5+ 30. Kb2 Rd5 31. Rc1 Rd2+ 32. Rc2 Rd3 33. Ne2 Nc5
34. Ka2 g5 35. e4 a5 36. Nc1 Rd1 37. e5 Kf7 38. Ne2 Rb8 39. Bh2 Nxb3 40. Rxc7+
Kg6 41. Rc2 Ra1+ 42. Kb2 Re1 43. Ka2 Rxe2 44. Rxe2 Nc1+ 45. Ka1 Nxe2 46. Bf1
Nd4 47. exd6 Nxf3 48. Bg3 Nd4 49. Ba6 a4 50. d7 Rd8 51. Bc8 Ne6 52. Kb2 Nf4 53.
Bh2 Nd5 54. Kc2 Kf5 55. Bg3 g4 56. Be1 Nb6 57. Bh4 Rxc8+ 58. dxc8=R Nxc8 59.
Bg3 Ke4 60. Kc3 Kf3 61. Bh2 Ne7 62. Kb4 Kg2 63. Bd6 Nf5 64. Bc7 Nd4 65. Kxa4
Ne6 66. Be5 Kf3 67. Bh2 Nd4 68. Kb4 Kg2 69. Bd6 Nf5 70. Bc7 Ne3 71. Be5 Kf3 72.
a4 Nd5+ 73. Kc4 Ke4 74. Bh2 Nb6+ 75. Kb5 g3 76. Bxg3 Nxa4 1/2-1/2

[Event "ICS rated blitz match"]
[Site "204.178.125.65"]
[Date "2000.04.16"]
[Round "?"]
[White "QueenMaxima"]
[Black "Hossa"]
[Result "1-0"]
[WhiteElo "2465"]
[BlackElo "2422"]
[PlyCount "113"]

1. d4 d5 2. c4 e6 3. Nc3 Nf6 4. Nf3 c5 5. cxd5 Nxd5 6. e3 Nc6 7. Bd3 cxd4 8.
exd4 Bb4 9. Bd2 Nf6 10. a3 Be7 11. Be3 O-O 12. Qc2 Bd7 13. O-O Rc8 14. Ne5 Qc7
15. Nxd7 Qxd7 16. d5 Ne5 17. Be4 a6 18. dxe6 fxe6 19. Rfd1 Qc7 20. Bf4 Nxe4 21.
Qxe4 Bf6 22. Re1 Qf7 23. Bxe5 Bxe5 24. Qxe5 Qxf2+ 25. Kh1 Rc6 26. Rab1 b6 27.
Nd5 Kh8 28. Nb4 Rc5 29. Qxe6 Rcf5 30. Rg1 R5f6 31. Qb3 b5 32. Rbc1 g6 33. Qc3
Kg8 34. b3 a5 35. Nd5 R6f7 36. Qxa5 Qe2 37. Nc3 Qb2 38. Qxb5 Qxa3 39. Qc4 Kh8
40. Ra1 Qe7 41. Rge1 Qf6 42. b4 Qf2 43. b5 g5 44. Ne4 Qh4 45. Qd4+ Kg8 46. Qd5
g4 47. Ng5 g3 48. h3 Kg7 49. Nxf7 Rxf7 50. Ra4 Rf4 51. Ra7+ Kh6 52. Qg8 Qxh3+
53. gxh3 g2+ 54. Kg1 Rf1+ 55. Rxf1 gxf1=Q+ 56. Kxf1 Kh5 57. Rxh7# 1-0

[Event "ICS Rated blitz match"]
[Site "204.178.125.65"]
[Date "2000.04.16"]
[Round "?"]
[White "Hossa"]
[Black "Beadle"]
[Result "1-0"]
[WhiteElo "2408"]
[BlackElo "2555"]
[PlyCount "291"]

1. e4 e5 2. Nf3 Nf6 3. Nxe5 d6 4. Nf3 Nxe4 5. d4 d5 6. Bd3 Be7 7. O-O Bf5 8.
Re1 O-O 9. Nbd2 Nd6 10. Bxf5 Nxf5 11. c3 Nc6 12. Nf1 Qd7 13. Bf4 Rfe8 14. Qd3
Bd6 15. Bxd6 Nxd6 16. Ne3 Ne4 17. Re2 a6 18. Rae1 f5 19. c4 dxc4 20. Qxc4+ Kh8
21. Qd5 Qxd5 22. Nxd5 Rad8 23. Nxc7 Re7 24. d5 Nb4 25. Ne6 Rxd5 26. Nf4 Rc5 27.
Ng5 Nc6 28. f3 Nxg5 29. Rxe7 Nxe7 30. Rxe7 Kg8 31. Rxb7 Rc4 32. Rb8+ Kf7 33.
Nd3 Rd4 34. Nc5 a5 35. Nb3 Rd1+ 36. Kf2 a4 37. Nc5 a3 38. bxa3 Rd2+ 39. Kg3 f4+
40. Kxf4 Rxg2 41. h4 Ne6+ 42. Nxe6 Kxe6 43. Rb6+ Kf7 44. a4 Rxa2 45. Rb4 Ke6
46. Ke4 g6 47. Rc4 Kd6 48. Kf4 Kd5 49. Re4 Ra3 50. Kg4 Kd6 51. Rf4 Ke5 52. Kg5
h6+ 53. Kg4 Ra2 54. Re4+ Kf6 55. Rb4 Rg2+ 56. Kf4 Ra2 57. Ke4 Ke6 58. Rc4 Ra1
59. Rd4 Rb1 60. Ke3 Re1+ 61. Kf2 Rc1 62. Rb4 Kf5 63. Kg2 Ra1 64. Rc4 Rd1 65.
Re4 Rc1 66. Kg3 Rg1+ 67. Kf2 Rc1 68. Ke3 Re1+ 69. Kd3 Rd1+ 70. Ke2 Rb1 71. Rc4
Ra1 72. Ke3 Re1+ 73. Kf2 Rb1 74. Kg3 Rg1+ 75. Kh2 Ra1 76. Rd4 Ke5 77. Rg4 Kf6
78. Kg3 Rg1+ 79. Kf2 Rc1 80. Kg2 Rd1 81. Rb4 Kf5 82. Rc4 Ra1 83. Kh2 Ke5 84.
Kg3 Kd5 85. Re4 Kd6 86. Kg4 Ra3 87. Rd4+ Ke6 88. Rb4 Ra1 89. Rb6+ Kf7 90. Ra6
Rg1+ 91. Kf4 Rh1 92. Ra7+ Ke6 93. Kg3 Rg1+ 94. Kh2 Rf1 95. Kg2 Rc1 96. Ra5 Rc2+
97. Kg3 Ra2 98. Kg4 Rg2+ 99. Kf4 Rd2 100. Ra7 Rd4+ 101. Kg3 Rd6 102. Rh7 h5
103. Rh8 Rd5 104. Ra8 Rd1 105. Kf4 Rh1 106. Kg5 Rg1+ 107. Kh6 Rh1 108. Kxg6
Rxh4 109. Ra6+ Ke5 110. Ra5+ Kd6 111. Kg5 Rc4 112. f4 h4 113. Ra6+ Kd5 114. Rh6
Rxa4 115. Rxh4 Ra2 116. Rh6 Rg2+ 117. Kf6 Rc2 118. f5 Ke4 119. Rh4+ Kd5 120.
Kg6 Rg2+ 121. Kf7 Ke5 122. f6 Kd6 123. Kf8 Rf2 124. f7 Ke6 125. Rh7 Rg2 126.
Ke8 Rb2 127. Rh6+ Kd5 128. Rh5+ Ke6 129. Kf8 Rg2 130. Rh7 Kd5 131. Ke8 Re2+
132. Kd7 Rf2 133. Rh5+ Kd4 134. Ke6 Rxf7 135. Rh4+ Kc3 136. Kxf7 Kc2 137. Rh3
Kd1 138. Rh2 Kc1 139. Kg6 Kd1 140. Kf5 Ke1 141. Ke4 Kd1 142. Ke3 Kc1 143. Kd3
Kb1 144. Kc3 Ka1 145. Kb3 Kb1 146. Rh1# 1-0

[Event "ICS rated blitz match"]
[Site "204.178.125.65"]
[Date "2000.04.16"]
[Round "?"]
[White "QueenMaxima"]
[Black "Hossa"]
[Result "1-0"]
[WhiteElo "2479"]
[BlackElo "2430"]
[PlyCount "67"]

1. d4 Nf6 2. c4 e5 3. dxe5 Ng4 4. e4 Nxe5 5. Nc3 Bb4 6. Bd2 Nbc6 7. f4 Ng6 8.
Qf3 Nd4 9. Qd3 Ne6 10. f5 Nc5 11. Qd4 Ne7 12. Qxg7 Rg8 13. Qxh7 Bxc3 14. Bxc3
Rg4 15. Be2 Rxg2 16. Kf1 Rg8 17. Bh5 Rf8 18. Bg7 Rg8 19. Bh6 d5 20. Qxf7+ Kd7
21. f6 dxe4 22. fxe7 Qxe7 23. Rd1+ Nd3 24. Qd5+ Qd6 25. Qxe4 Qf6+ 26. Bf4 Kd8
27. Qxd3+ Ke7 28. Qa3+ Qd6 29. Rxd6 Be6 30. Rc6+ Kd8 31. Rxc7 Bd7 32. Qd6 Rxg1+
33. Rxg1 Rc8 34. Bg5# 1-0

[Event "ICS rated standard match"]
[Site "204.178.125.65"]
[Date "2000.04.16"]
[Round "?"]
[White "DrVigilante"]
[Black "Hossa"]
[Result "1-0"]
[WhiteElo "2487"]
[BlackElo "2340"]
[PlyCount "125"]

1. d4 Nf6 2. c4 c5 3. d5 d6 4. Nc3 g6 5. e4 Bg7 6. Nf3 O-O 7. Be2 e6 8. O-O
exd5 9. cxd5 a6 10. a4 Re8 11. Nd2 b6 12. f3 Nbd7 13. Nc4 Ne5 14. Nxe5 Rxe5 15.
Bd3 Rh5 16. g4 Re5 17. Bf4 Re7 18. h3 Rc7 19. Kg2 c4 20. Be2 Raa7 21. a5 bxa5
22. Rxa5 Rcb7 23. Ra2 Rb4 24. Qc2 Rc7 25. Ra4 Rcb7 26. Nd1 Rxa4 27. Qxa4 c3 28.
bxc3 Rb8 29. Qa3 Ne8 30. Nf2 a5 31. Rc1 Qc7 32. Nd1 Qd8 33. c4 Bf6 34. c5 Bg5
35. Bxg5 Qxg5 36. Rc2 Qd8 37. c6 Ra8 38. Ne3 h5 39. Bd3 Qh4 40. Nc4 hxg4 41.
fxg4 Ba6 42. Qxa5 Qe7 43. Qb4 Nc7 44. Ra2 Rf8 45. Qc3 Bxc4 46. Qxc4 Qe5 47. Ra7
Qb2+ 48. Qc2 Qb8 49. Qa2 Re8 50. Rb7 Qa8 51. Qxa8 Nxa8 52. e5 dxe5 53. d6 e4
54. Bb5 Kg7 55. c7 Nxc7 56. Bxe8 Ne6 57. Rxf7+ Kh6 58. h4 Nd8 59. g5+ Kh5 60.
Kg3 Nxf7 61. Bxf7 e3 62. Be6 e2 63. Bg4# 1-0

[Event "ICS rated standard match"]
[Site "204.178.125.65"]
[Date "2000.04.16"]
[Round "?"]
[White "Hossa"]
[Black "DrVigilante"]
[Result "0-1"]
[WhiteElo "2330"]
[BlackElo "2497"]
[PlyCount "122"]

1. e4 e5 2. Nf3 Nc6 3. Nc3 Nf6 4. Nxe5 Nxe5 5. d4 Nc6 6. d5 Ne5 7. f4 Ng6 8. e5
Ng8 9. d6 cxd6 10. exd6 Qa5 11. h4 h5 12. Qd3 Kd8 13. f5 Ne5 14. Qb5 Qxb5 15.
Nxb5 a6 16. Bg5+ f6 17. Nc7 Rb8 18. Be3 Bxd6 19. Nd5 Ne7 20. Bb6+ Ke8 21. O-O-O
Nxf5 22. Rh3 Ng6 23. Bd3 Nge7 24. Nc7+ Bxc7 25. Bxc7 Ra8 26. Re1 d5 27. Bb6 Kf7
28. Bf1 Bd7 29. Be2 d4 30. Bc4+ Kf8 31. Bb3 a5 32. a3 Ra6 33. Bc5 Rc6 34. Bxe7+
Nxe7 35. Rd3 Nf5 36. Bd5 Rc7 37. Be4 g6 38. g3 Rh7 39. Kd2 Re7 40. b3 b5 41. b4
Rc4 42. Rb3 axb4 43. axb4 Rc3 44. Bxf5 Bxf5 45. Rc1 Rec7 46. Rxc3 Rxc3 47. Ra1
Rxc2+ 48. Ke1 d3 49. Ra8+ Ke7 50. Ra7+ Kd6 51. Ra6+ Kd5 52. Ra8 d2+ 53. Kd1
Bg4+ 54. Kxc2 d1=Q+ 55. Kc3 Qd4+ 56. Kc2 Bf5+ 57. Kb3 Qd3+ 58. Kb2 Qb1+ 59. Ka3
Kc4 60. Rc8+ Bxc8 61. g4 Qa1# 0-1

[Event "ICS rated standard match"]
[Site "204.178.125.65"]
[Date "2000.04.16"]
[Round "?"]
[White "Hossa"]
[Black "Caterpie"]
[Result "1-0"]
[WhiteElo "2321"]
[BlackElo "1963"]
[PlyCount "33"]

1. e4 c5 2. Nf3 d6 3. d4 cxd4 4. Nxd4 Nf6 5. Nc3 a6 6. Bg5 e6 7. f4 Be7 8. Qf3
Qc7 9. O-O-O b5 10. e5 Bb7 11. Qg3 dxe5 12. fxe5 Nh5 13. Qe3 g6 14. Ncxb5 axb5
15. Nxb5 Qa5 16. Bxe7 Kxe7 17. Qc5+ 1-0

[Event "ICS rated blitz match"]
[Site "204.178.125.65"]
[Date "2000.04.16"]
[Round "?"]
[White "Hossa"]
[Black "dyarbro"]
[Result "1-0"]
[WhiteElo "2416"]
[BlackElo "2283"]
[PlyCount "39"]

1. e4 d5 2. exd5 Qxd5 3. Nc3 Qa5 4. d4 Nf6 5. Nf3 Nc6 6. Bd2 Bg4 7. Nb5 Qb6 8.
c4 Bxf3 9. Qxf3 Nxd4 10. Nxd4 Qxd4 11. Qxb7 Rd8 12. Be3 Qd7 13. Qxa7 e6 14. a3
Be7 15. Be2 O-O 16. Bf3 e5 17. Rd1 Qf5 18. Qxc7 e4 19. Qxe7 exf3 20. Rxd8 1-0

[Event "ICS rated blitz match"]
[Site "204.178.125.65"]
[Date "2000.04.16"]
[Round "?"]
[White "dyarbro"]
[Black "Hossa"]
[Result "0-1"]
[WhiteElo "2273"]
[BlackElo "2426"]
[PlyCount "94"]

1. e4 e5 2. d4 exd4 3. c3 dxc3 4. Bc4 cxb2 5. Bxb2 d5 6. exd5 Qe7+ 7. Qe2 Bg4
8. f3 Bf5 9. Nc3 Nf6 10. O-O-O Qxe2 11. Ngxe2 Bd6 12. g4 Bg6 13. h4 h5 14. g5
Nfd7 15. f4 O-O 16. Rhf1 Bf5 17. Nd4 Bg4 18. Rde1 Nb6 19. Bb3 N8d7 20. Kb1 Nc5
21. Bc2 Nc4 22. Bc1 Nd7 23. Ne4 Bb4 24. f5 Rfe8 25. f6 Bxe1 26. Rxe1 Ndb6 27.
fxg7 Kxg7 28. Rf1 Nxd5 29. Nf5+ Bxf5 30. Rxf5 Rxe4 31. Bxe4 Nc3+ 32. Kc2 Nxe4
33. Rf4 Ned6 34. Kd3 b5 35. a4 a6 36. Kd4 bxa4 37. Kd5 Nb6+ 38. Kc6 Ndc4 39.
Kxc7 Nd5+ 40. Kd7 Nxf4 41. Bxf4 a3 42. Kc6 a2 43. Kc5 Rc8+ 44. Kb4 a1=Q 45.
Be5+ Qxe5 46. Kb3 Qb2+ 47. Ka4 Qb5# 0-1

[Event "ICS rated blitz match"]
[Site "204.178.125.65"]
[Date "2000.04.16"]
[Round "?"]
[White "dyarbro"]
[Black "Hossa"]
[Result "0-1"]
[WhiteElo "2255"]
[BlackElo "2444"]
[PlyCount "46"]

1. e4 e5 2. d4 exd4 3. c3 dxc3 4. Bc4 cxb2 5. Bxb2 d5 6. exd5 Qe7+ 7. Qe2 Nd7
8. Nc3 Ngf6 9. O-O-O Qxe2 10. Ngxe2 Bd6 11. Rhe1 O-O 12. g3 Ne5 13. Bd3 Neg4
14. f4 Ne3 15. Rd2 Bb4 16. Nd4 Nfxd5 17. Nxd5 Bxd2+ 18. Kxd2 Nxd5 19. Re5 Rd8
20. Nf5 Nb4 21. Nxg7 Nxd3 22. Rg5 Nxb2+ 23. Kc2 h6 0-1

[Event "ICS rated blitz match"]
[Site "204.178.125.65"]
[Date "2000.04.16"]
[Round "?"]
[White "Hossa"]
[Black "STYNETS"]
[Result "1-0"]
[WhiteElo "2452"]
[BlackElo "2180"]
[PlyCount "41"]

1. e4 c5 2. Nf3 d6 3. d4 cxd4 4. Nxd4 Nf6 5. Nc3 a6 6. Bg5 e6 7. f4 Qb6 8. Qd2
Qxb2 9. Rb1 Qa3 10. f5 Nc6 11. fxe6 fxe6 12. Nxc6 bxc6 13. e5 dxe5 14. Bxf6
gxf6 15. Ne4 Be7 16. Be2 O-O 17. O-O f5 18. Rb3 Qa4 19. Rg3+ Kh8 20. Qh6 Rg8
21. Nf6 1-0

[Event "ICS rated standard match"]
[Site "204.178.125.65"]
[Date "2000.04.16"]
[Round "?"]
[White "Hossa"]
[Black "Amateur"]
[Result "1-0"]
[WhiteElo "2325"]
[BlackElo "2407"]
[PlyCount "36"]

1. e4 e5 2. Nf3 Nc6 3. Nc3 Nf6 4. Nxe5 Nxe5 5. d4 Ng6 6. e5 Ng8 7. Bc4 Bb4 8.
Qf3 Bxc3+ 9. bxc3 f6 10. O-O Qe7 11. exf6 Qxf6 12. Qh5 h6 13. f4 N8e7 14. f5
Qc6 15. Bb3 d5 16. fxg6 Qxc3 17. Qe5 c5 18. Ba3 Qxd4+ 1-0

[Event "ICS rated standard match"]
[Site "204.178.125.65"]
[Date "2000.04.16"]
[Round "?"]
[White "Amateur"]
[Black "Hossa"]
[Result "0-1"]
[WhiteElo "2387"]
[BlackElo "2345"]
[PlyCount "146"]

1. d4 d5 2. c4 e6 3. Nc3 Nf6 4. Bg5 Be7 5. e3 O-O 6. Nf3 Nbd7 7. Bd3 dxc4 8.
Bxc4 c5 9. dxc5 Nxc5 10. O-O h6 11. Bf4 b6 12. Qe2 Bb7 13. Rfd1 Qc8 14. Rac1 a6
15. b4 Ncd7 16. Na4 Qd8 17. b5 Bxf3 18. Qxf3 e5 19. Bg3 Rc8 20. Bf1 Rxc1 21.
Rxc1 a5 22. Rc6 Qb8 23. Qf5 Re8 24. Nb2 Rd8 25. Bc4 Bd6 26. Qg6 Rf8 27. a4 Ba3
28. Nd3 Qd8 29. Bh4 e4 30. Ne1 Bb4 31. f4 Bxe1 32. Bxe1 Nb8 33. Bc3 Nxc6 34.
Bxf6 Qxf6 35. Qxf6 gxf6 36. bxc6 Rc8 37. Bd5 f5 38. h3 h5 39. Kf2 h4 40. g4 Rd8
41. Bc4 Rd2+ 42. Kf1 Rc2 43. Bb5 fxg4 44. hxg4 Kg7 45. Kg1 h3 46. Kh1 Kf6 47.
Kg1 Kg6 48. Kh1 Rc3 49. Kh2 Rxe3 50. c7 Rc3 51. c8=Q Rxc8 52. Kxh3 Rc3+ 53. Kh4
Rf3 54. f5+ Kf6 55. Bc4 e3 56. Bd3 Ke5 57. g5 Rxf5 58. Kg3 Rxg5+ 59. Kf3 Kd4
60. Ba6 Rf5+ 61. Ke2 Rf2+ 62. Ke1 f5 63. Bb5 f4 64. Bd7 Rc2 65. Bg4 f3 66. Bxf3
Kd3 67. Kd1 e2+ 68. Ke1 Rc1+ 69. Kf2 e1=Q+ 70. Kg2 Ke3 71. Bd1 Qf2+ 72. Kh3 Kf4
73. Bc2 Rh1# 0-1

[Event "ICS rated blitz match"]
[Site "204.178.125.65"]
[Date "2000.04.16"]
[Round "?"]
[White "Hossa"]
[Black "Tejas"]
[Result "1-0"]
[WhiteElo "2485"]
[BlackElo "2162"]
[PlyCount "51"]

1. e4 c5 2. Nf3 d6 3. d4 cxd4 4. Nxd4 Nf6 5. Nc3 Nc6 6. Be3 e5 7. Nb3 Be7 8.
Bd3 O-O 9. a3 Be6 10. Nd5 Nxd5 11. exd5 Bxd5 12. Bxh7+ Kxh7 13. Qxd5 Bg5 14.
O-O Bxe3 15. fxe3 Qg5 16. Rf3 Rad8 17. Raf1 Qg6 18. Rxf7 Rxf7 19. Qxf7 Qxc2 20.
Rf5 Qd1+ 21. Kf2 Kh6 22. Nc1 g6 23. Rf3 Qxc1 24. Rh3+ Kg5 25. Rg3+ Kh6 26.
Qxg6# 1-0

[Event "ICS Rated blitz match"]
[Site "204.178.125.65"]
[Date "2000.04.16"]
[Round "?"]
[White "OVI68"]
[Black "Hossa"]
[Result "0-1"]
[WhiteElo "2244"]
[BlackElo "2483"]
[PlyCount "84"]

1. e4 e5 2. Nf3 Nc6 3. Bb5 a6 4. Ba4 Nf6 5. O-O Be7 6. Bxc6 dxc6 7. d3 Nd7 8.
Nbd2 O-O 9. Nc4 f6 10. b3 Nb6 11. Ne3 Bd6 12. Bb2 Be6 13. a4 Qe7 14. a5 Nd7 15.
Re1 f5 16. exf5 Bxf5 17. Nxf5 Rxf5 18. Nd2 Raf8 19. Ne4 Qf7 20. Qe2 Be7 21. Rf1
Bh4 22. Ng3 Bxg3 23. hxg3 Qf6 24. g4 Rf4 25. f3 c5 26. Rae1 Qf7 27. Bc1 Rd4 28.
Bb2 Rd5 29. Qe4 b5 30. axb6 cxb6 31. Ra1 a5 32. Rf2 Qe6 33. Re2 Qd6 34. Qc4 g5
35. Rae1 Rf7 36. Kf2 Rf4 37. Qa6 Rf7 38. Re4 Nf6 39. Rxe5 Nxg4+ 40. Kg1 Nxe5
41. Qc8+ Rf8 42. Qh3 Re8 0-1

[Event "ICS rated standard match"]
[Site "204.178.125.65"]
[Date "2000.04.16"]
[Round "?"]
[White "Hossa"]
[Black "Tinker"]
[Result "0-1"]
[WhiteElo "2363"]
[BlackElo "2237"]
[PlyCount "148"]

1. e4 e5 2. Nf3 Nc6 3. Nc3 d6 4. Bb5 Bg4 5. d3 Nge7 6. Be3 a6 7. Ba4 Bd7 8. O-O
b5 9. Bb3 Na5 10. Nd2 Ng6 11. f4 Nxb3 12. Nxb3 exf4 13. Bxf4 Nxf4 14. Rxf4 Be7
15. Qh5 O-O 16. Raf1 Qe8 17. Nd5 Bd8 18. Nd4 g6 19. Qe2 c6 20. Nf6+ Bxf6 21.
Rxf6 c5 22. Nb3 Qe5 23. Qd2 Be6 24. c3 c4 25. dxc4 Bxc4 26. R1f4 d5 27. exd5
Bxd5 28. Qf2 Rad8 29. Nd4 Bxa2 30. Rxa6 Bd5 31. Ra1 Qg5 32. h4 Qh5 33. g4 Qe5
34. Nxb5 Rfe8 35. Nd4 Rb8 36. c4 Rxb2 37. Qxb2 Qxf4 38. cxd5 Qxg4+ 39. Kf1 Qe4
40. Qf2 Qh1+ 41. Qg1 Qxh4 42. Nf3 Qc4+ 43. Kg2 Qxd5 44. Re1 Rxe1 45. Qxe1 Qd7
46. Qe4 h5 47. Qc4 Kg7 48. Qd4+ Qxd4 49. Nxd4 g5 50. Kf3 Kg6 51. Nc6 f5 52.
Ne5+ Kf6 53. Nd7+ Ke6 54. Nf8+ Ke5 55. Nd7+ Kd6 56. Nf8 h4 57. Ng6 Ke6 58. Nf8+
Ke7 59. Nh7 g4+ 60. Kg2 f4 61. Ng5 Kf6 62. Ne4+ Ke5 63. Nd2 h3+ 64. Kh2 Kd4 65.
Nb1 f3 66. Kg3 Kd3 67. Na3 h2 68. Kf4 f2 69. Ke5 f1=Q 70. Nc4 Kxc4 71. Kd6 h1=Q
72. Kc7 Qf7+ 73. Kb6 Qhb7+ 74. Ka5 Qb5# 0-1